|
|
|
|
| LEADER |
01718nam a2200373 a 4500 |
| 001 |
34779 |
| 003 |
BD-DhAAL |
| 005 |
20190729122533.0 |
| 008 |
110111r20162013cn b 000 1 eng d |
| 999 |
|
|
|c 40101
|d 40101
|
| 020 |
|
|
|a 9788131527801
|
| 020 |
|
|
|a 0176224599
|
| 020 |
|
|
|a 8131500187
|
| 020 |
|
|
|a 8131527808
|
| 040 |
|
|
|a DLC
|c DLC
|d DLC
|c BD-DhAAL
|
| 082 |
0 |
0 |
|a 658.3
|2 22
|
| 245 |
1 |
0 |
|a Strategic human resources planning /
|c edited by Monica Belcourt.. [et..al].
|
| 250 |
|
|
|a Fifth edition
|
| 260 |
|
|
|a Toronto ;
|a India :
|b Nelson Education Ltd.,
|c c2013 [reprint 2016]
|
| 300 |
|
|
|a xxix, 424 pages ;
|c 25 cm.
|
| 490 |
0 |
|
|a Nelson education series in human resource management
|
| 526 |
|
|
|a AAL
|
| 541 |
1 |
|
|a Development Book Agency
|e 34779, 34780, 34781
|
| 650 |
|
0 |
|a Manpower planning.
|9 33228
|
| 650 |
|
0 |
|a Strategic planning
|x Textbooks.
|9 33229
|
| 700 |
1 |
|
|a Belcourt, Monica.
|9 33230
|
| 700 |
1 |
|
|a McBey, Kenneth James
|9 33231
|
| 700 |
1 |
|
|a Hong, Ying
|9 33232
|
| 700 |
1 |
|
|a Yap, Margaret
|9 33233
|
| 852 |
4 |
|
|a Ayesha Abed Library
|j General Stacks
|
| 942 |
|
|
|2 ddc
|c BK
|
| 952 |
|
|
|0 0
|1 0
|2 ddc
|4 0
|6 658_300000000000000_STR
|7 0
|9 65782
|a BRACUL
|b BRACUL
|c GEN
|d 2019-07-18
|e Development Book Agency
|g 1035.00
|l 10
|m 101
|o 658.3 STR
|p 3010034780
|r 2026-05-13
|s 2026-01-13
|t 2
|v 1035.00
|w 2019-07-18
|y BK
|
| 952 |
|
|
|0 0
|1 0
|2 ddc
|4 0
|6 658_300000000000000_STR
|7 0
|9 65783
|a BRACUL
|b BRACUL
|c GEN
|d 2019-07-18
|e Development Book Agency
|g 1035.00
|l 9
|m 100
|o 658.3 STR
|p 3010034779
|r 2025-12-08
|s 2025-10-13
|t 1
|v 1035.00
|w 2019-07-18
|y BK
|
| 952 |
|
|
|0 0
|1 0
|2 ddc
|4 0
|6 658_300000000000000_STR
|7 0
|9 65784
|a BRACUL
|b BRACUL
|c GEN
|d 2019-07-18
|e Development Book Agency
|g 1035.00
|l 5
|m 46
|o 658.3 STR
|p 3010034781
|r 2025-02-11
|s 2024-10-27
|t 3
|v 1035.00
|w 2019-07-18
|y BK
|